ADVANCED MACROECONOMICS (Record no. 13942)
[ view plain ]
| 000 -LEADER | |
|---|---|
| fixed length control field | 00332nam a2200145Ia 4500 |
| 008 - FIXED-LENGTH DATA ELEMENTS--GENERAL INFORMATION | |
| fixed length control field | 240624s9999 xx 000 0 und d |
| 041 ## - LANGUAGE CODE | |
| Language code of text/sound track or separate title | eng |
| 082 ## - DEWEY DECIMAL CLASSIFICATION NUMBER | |
| Classification number | 339 ROM |
| 100 ## - MAIN ENTRY--PERSONAL NAME | |
| Personal name | ROMER DAVID |
| 245 ## - TITLE STATEMENT | |
| Title | ADVANCED MACROECONOMICS |
| 250 ## - EDITION STATEMENT | |
| Edition statement | (3rd ed.) |
| 260 ## - PUBLICATION, DISTRIBUTION, ETC. | |
| Date of publication, distribution, etc. | 2005 |
| Name of publisher, distributor, etc. | McGraw-Hill/Irwin |
| 300 ## - PHYSICAL DESCRIPTION | |
| Extent | 696 : p. |
| 365 ## - TRADE PRICE | |
| Currency code | |
| Price amount | 30 |
| Withdrawn status | Lost status | Damaged status | Not for loan | Home library | Current library | Shelving location | Date acquired | Source of acquisition | Cost, normal purchase price | Total Holds | Full call number | Barcode | Date last seen | Copy number | Price effective from | Koha item type |
|---|---|---|---|---|---|---|---|---|---|---|---|---|---|---|---|---|
| IMTN | IMTN | Rack 14-A | 10/27/2009 | BWE | 63.13 | 5071 | 339 ROM | 13942 | 06/24/2024 | 51.1 | 06/24/2024 | Books |